و ہ د س ا و ر د و سر ی کہا نيا ں (Record no. 178064)

MARC details
000 -LEADER
fixed length control field 00616nam a22001937a 4500
005 - DATE AND TIME OF LATEST TRANSACTION
control field 20210315121221.0
010 ## - LCCN (DPL NO)
LC control number UR-11076
020 ## - INTERNATIONAL STANDARD BOOK NUMBER
Terms of availability 300.00
International Standard Book Number 9788186346815
035 ## - SYSTEM CONTROL NUMBER
System control number U-9631
037 ## - SOURCE OF ACQUISITION
Source of stock number/acquisition DBAD/PUB
082 ## - DEWEY DECIMAL CLASSIFICATION NUMBER
Classification number ک
100 ## - MAIN ENTRY--PERSONAL NAME
Personal name ف س ا عجا ز
245 ## - TITLE STATEMENT
Title و ہ د س ا و ر د و سر ی کہا نيا ں
Statement of responsibility, etc ف س ا عجا ز
246 ## - VARYING FORM OF TITLE
Remainder of title Wo Dus Aur Doosri Kahaniyan
Title proper/short title by Fay Seen Ejaz
260 ## - PUBLICATION, DISTRIBUTION, ETC. (IMPRINT)
Place of publication, distribution, etc Kolkata
Date of publication, distribution, etc 2020 ء
Name of publisher, distributor, etc Insha Publications
270 ## - ADDRESS
Address 25-B,Zakaria Street,Kolkata
City New Delhi
Postal code 700073
Fax number +9133 4007-5435
300 ## - PHYSICAL DESCRIPTION
Extent 216 ص
Dimensions 22 Cm(Hb)
942 ## - ADDED ENTRY ELEMENTS (KOHA)
Source of classification or shelving scheme Dewey Decimal Classification
Item type Urdu Bks
Classification part ک
Call number suffix ف س ا
Holdings
Withdrawn status Lost status Not for loan Collection code Home library Current library Date acquired Source of acquisition Cost, normal purchase price Full call number Barcode Copy number Cost, replacement price Koha item type
      Fiction D.B.Act.Division D.B.Act.Division 15/03/2021 DBAD/PUB 300.00 ک ف س ا U-9631 1 300.00 Urdu Bks

© Delhi Public Library
Hit Counter
free hit counter